Vzťahy medzi investíciami, mierou investícií a ekonomickým rastom v Slovenskej republike

Informácie o projekte VEGA č. 1/0514/08 Vzťahy medzi investíciami, mierou investícií a ekonomickým rastom v Slovenskej republike, riešeného na Katedre hospodárskej politiky NHF EU v Bratislave. Potvrdenie teórie, že investície vplývajú na dynamiku vývoja ekonomiky, na jej ekonomický rast a celkovú v...

Full description

Saved in:
Bibliographic Details
Main Author: Vidová, Jarmila, 1967-
Format: Book Chapter
Language:Slovak
Subjects:
Tags: Add Tag
No Tags, Be the first to tag this record!

MARC

LEADER 00000nla$a2200000$$$4500
001 0119991
005 20240502072336.6
041 0 |a slo 
044 |a SK 
245 1 0 |a Vzťahy medzi investíciami, mierou investícií a ekonomickým rastom v Slovenskej republike  |c Jarmila Vidová 
520 |a Informácie o projekte VEGA č. 1/0514/08 Vzťahy medzi investíciami, mierou investícií a ekonomickým rastom v Slovenskej republike, riešeného na Katedre hospodárskej politiky NHF EU v Bratislave. Potvrdenie teórie, že investície vplývajú na dynamiku vývoja ekonomiky, na jej ekonomický rast a celkovú výkonnosť. 
610 2 0 |a rast hospodársky 
610 2 0 |a investície 
610 2 0 |a Slovensko 
610 2 0 |a projekty 
100 1 |a Vidová, Jarmila, 1967-